000 00804nac a22002890a 4500
001 PT56186
003 AR-LpoUNG
005 20210201005545.0
008 201001s2000||||xxu|||||||||||||||||eng d
020 _a9780883857212
_c$100
040 _aAR-LpoUNG
_bspa
_eaacr
041 _aeng
044 _axxu
082 0 _a510 424v2
100 1 _aNelsen, Roger B.
245 1 0 _aProofs without words :
_bmore exercises in visual thinking
250 _a1ra. ed.
260 _aWashington :
_bThe Mathematical Association of America,
_c2000.
300 _axii, 130 p. :
_bgráfs.
_a(2
_fVolúmenes)
_3Impreso
490 0 _aProofs without words
650 4 _aGEOMETRIA
650 4 _aMATEMATICAS
651 4 _aDOCUMENTOS TEORICOS O METODOLOGICOS
653 _aALGEBRA
905 _a56186
942 _cLIB
999 _c50194
_d50194